| 000 | 00999nam a2200301Ia 4500 | ||
|---|---|---|---|
| 001 | Para_5826 | ||
| 003 | CHAP | ||
| 008 | 220125s1982 xx 000 0 und d | ||
| 010 | _a204310 | ||
| 040 | _cCHAP | ||
| 090 | _aPA TESIS 142 | ||
| 100 |
_aHuerta Reyes, Lucio _956706 |
||
| 245 |
_aRespuesta de cinco cultivares de maíz (Zea mays L.) a herbicidas en el área de Chapingo, Méx. / _c por Lucio Huerta Reyes |
||
| 260 |
_aChapingo, Méx. : _b el autor |
||
| 300 | _a49 h. | ||
| 502 | _aTesis (Ing. Agr. Esp. en Parasitología Agrícola) -- UACh. Departamento Parasitología Agrícola | ||
| 650 |
_aHerbicidas _953691 |
||
| 650 |
_aMaíz _x Chapingo, Méx. _9170246 |
||
| 650 |
_aMaíz _x malas hierbas _xcontrol _971003 |
||
| 710 |
_aUACh. Departamento Parasitología Agrícola _9164025 |
||
| 901 | _aPA TESIS 142 | ||
| 902 | _aA | ||
| 905 | _a0000001982 a 0000000000 00 | ||
| 910 | _a1982 | ||
| 942 | _cPARA | ||
| 942 |
_cPARA _d1 |
||
| 999 |
_c204310 _d204310 |
||